Τα μαθηματικά στην πρωτοβάθμια εκπαίδευση και η διδασκαλία τους

Αποθηκεύτηκε σε:
Λεπτομέρειες βιβλιογραφικής εγγραφής
Κύριος συγγραφέας: Παπαδόπουλος, Ιωάννης
Μορφή: Βιβλίο
Γλώσσα:Greek
Δημοσίευση: Θεσσαλονίκη : Εκδόσεις Πανεπιστημίου Μακεδονίας, 2013.
Θέματα:
Ετικέτες: Προσθήκη ετικέτας
Δεν υπάρχουν, Καταχωρήστε ετικέτα πρώτοι!

MARC

LEADER 00000cam a2200000 i 4500
001 1/62529
008 141223s2013 gr | ||| |||| ||gre||
020 |a 9789608396760 
035 |l 10120251 
040 |a GR-MY-UA  |b gre  |e aacr 
041 0 |a gre 
082 7 |a 510.71   |2 (23) 
100 1 |a Παπαδόπουλος, Ιωάννης. 
245 1 3 |a Τα μαθηματικά στην πρωτοβάθμια εκπαίδευση και η διδασκαλία τους /   |c Παπαδόπουλος Ιωάννης.  
260 |a Θεσσαλονίκη :   |b Εκδόσεις Πανεπιστημίου Μακεδονίας,   |c 2013.  
300 |a 268 σ. :   |b σχήμ., εικ. ;   |c 25 εκ.  
504 |a Βιβλιογραφία: σ. 267-268.  
650 0 0 |a Mathematics  |x Study and teaching. 
650 0 0 |a Mathematics  |x Study and teaching (Elementary) 
852 |a INST  |b RHODES  |c EUDOXUS  |e 20141223  |h 510.71 ΠΑΠ  |p 005400037365  |q 005400037365  |t EDX  |y 0 
852 |a INST  |b RHODES  |c EUDOXUS  |e 20141223  |h 510.71 ΠΑΠ  |p 005400037366  |q 005400037366  |t EDX  |y 0 
852 |a INST  |b RHODES  |c EUDOXUS  |e 20141223  |h 510.71 ΠΑΠ  |p 005400037367  |q 005400037367  |t EDX  |y 0 
852 |a INST  |b RHODES  |c EUDOXUS  |e 20141223  |h 510.71 ΠΑΠ  |p 005400037368  |q 005400037368  |t EDX  |y 0 
901 |a BIBL4-2014-3 
909 |a Ρ  |b 183686 
909 |a Ρ  |b 183687 
909 |a Ρ  |b 183688 
909 |a Ρ  |b 183689 
920 |a ΕΥΔΟΞΟΣ  |b ΠΑΡΑΓΓΕΛΙΑ  |y Ρόδος-ΠΤΔΕ  |z 2014-12 
922 |a 4ΕΛΗ 
970 |z 2014/12/23